LEADER 00592nas a2200157 i 4500 001 000000022813 003 CaOOAMICUS 005 20180830125445.0 008 180830n fr u0 und u 040 $aSeMil$bita 245 14$aLes grands ordres monastiques /$cpubliée sous la direction d'Édouard Schneider. 260 $aParis :$bGrasset,$c1925[?] 300 $av. ;$c19 cm. 700 1 $aSchneider, Édouard,$d<1880-1960>.$0(OLS)http://semarc/name/10209 996 $6245$aLes grands ordres monastiques$9(OLS)http://semarc/title/30566 996 $6260$aParis :$bGrasset$9(OLS)http://semarc/publisher/32984 LEADER 00953nam a2200241 i 4500 001 000000114061 003 CaOOAMICUS 005 20030409000000.0 008 030409s1992 it u000 u ita u 013 $a86747 040 $aSeMil$bita 100 1 $aCalori, Carlo .$0(OLS)http://semarc/name/36466 245 10$aAnni ho sgranato :$bLiriche /$cCarlo Calori ; con un saggio critico di Paolo Jachia. 260 $aMilano :$bL'in-edita,$ccopyr. 1992 (stampa 1993) 300 $a75 p. :$bill. ;$c22 cm. 500 $aDono del Card. Dionigi Tettamanzi. 700 1 $aJachia, Paolo.$0(OLS)http://semarc/name/47713 850 $aSeMil 852 $aSeMil$W1$xVenegono$y1$m5B IX 9/18$j69658$B69658$CSeMilBibl$Z2$F88294 $81 941 1 $a5 961 $aOmaggio: Tettamanzi Card. Dionigi 996 $6245$aAnni ho sgranato :$bLiriche$9(OLS)http://semarc/title/166626 996 $6260$aMilano :$bL'in-edita$9(OLS)http://semarc/publisher/45367